| Поле | Инд. | ПП | Название | Значение |
|---|---|---|---|---|
| Тип записи | a | |||
| Библиографический уровень | b | |||
| 001 | Контрольный номер | RU/IS/BASE/440596751 | ||
| 005 | Дата корректировки | 20200529173549.5 | ||
| 008 | Кодируемые данные | 20131217 | ||
| 040 | b | Код языка каталог. | rus | |
| e | Правила каталог. | PSBO | ||
| 041 | 0_ | a | Код языка текста | rus |
| 084 | a | Индекс другой классификации/Индекс ББК | 87.25; 87.3(5Каз)6 | |
| 100 | 1_ | a | Автор | Абдильдин Ж. М. |
| q | Полное имя | Абдильдин Жабайхан Мубаракович | ||
| 245 | 10 | a | Заглавие | Логика современного научно-теоретического познания |
| 520 | 0_ | a | Аннотация | В статье автор подводит некоторые итоги своих многолетних исследований в области диалектики и логики современного научного познания |
| 650 | 14 | a | Основная рубрика | история философии |
| a | Основная рубрика | философия | ||
| a | Основная рубрика | философия науки | ||
| 653 | 1_ | a | Ключевые слова | XX век |
| a | Ключевые слова | диалектика | ||
| a | Ключевые слова | Казахстан | ||
| a | Ключевые слова | научная теория | ||
| a | Ключевые слова | научное мышление | ||
| a | Ключевые слова | научное познание | ||
| a | Ключевые слова | теоретическое познание | ||
| 773 | 08 | t | Заглавие источника | Вопросы философии |
| d | Дата издания источника | 2013 | ||
| g | Прочая информация | № 5. - С. 3 - 10 | ||
| w | Контрольный № источника | RU/IS/BASE/424277693 | ||
| 901 | t | Тип документа | b |